[Event "45th POL-ch"]
[Site "Lublin POL"]
[Date "1988.??.??"]
[Round "9"]
[White "Bany, Jerzy"]
[Black "Sznapik, Aleksander"]
[Result "0-1"]
[WhiteElo "2450"]
[BlackElo "2480"]
[EventDate "1988.02.27"]
[PlyCount "68"]

1.Nf3 Nf6 2.c4 g6 3.g3 Bg7 4.Bg2 O-O 5.O-O d6 6.d4 Nbd7 7.Nc3 e5 8.e4 a6 
9.Qc2 exd4 10.Nxd4 Ne5 11.b3 c5 12.Nde2 Rb8 13.Be3 b5 14.Rad1 Qb6 15.cxb5 
axb5 16.h3 b4 17.f4 Neg4 18.hxg4 bxc3 19.g5 Ng4 20.Bf2 Ba6 21.Bf3 Nxf2 22.
Rxf2 c4 23.e5 cxb3 24.axb3 dxe5 25.Kg2 exf4 26.Nxf4 Qxb3 27.Qc1 Rbd8 28.
Nd5 Bb7 29.Ne7+ Kh8 30.Rxd8 Bxf3+ 31.Rxf3 Rxd8 32.Qf4 Qa2+ 33.Rf2 Qe6 34.
Qc7 Re8 0-1

[Event "45th POL-ch"]
[Site "Lublin POL"]
[Date "1988.??.??"]
[Round "9"]
[White "Borkowski, Franciszek"]
[Black "Staniszewski, Piotr"]
[Result "1-0"]
[WhiteElo "2415"]
[BlackElo "2440"]
[EventDate "1988.02.27"]
[PlyCount "62"]

1.e4 c5 2.Nf3 d6 3.d4 cxd4 4.Nxd4 Nf6 5.Nc3 Nc6 6.Bc4 e6 7.Be3 Be7 8.f4 
O-O 9.Qf3 Qc7 10.Bb3 Bd7 11.O-O-O Nxd4 12.Bxd4 Rac8 13.f5 b5 14.g4 e5 15.
Be3 b4 16.g5 bxc3 17.gxf6 Bxf6 18.Rhg1 a5 19.a4 Rb8 20.Rg2 Rfc8 21.Rdg1 
Kf8 22.Rxg7 cxb2+ 23.Kb1 Rxb3 24.Rxf7+ Ke8 25.Qe2 Rxe3 26.Rxh7 Kf8 27.Qg2 
Re1+ 28.Rxe1 Qc4 29.Qd2 Qxa4 30.Qh6+ Ke8 31.Qg6+ Kd8 
    {T}
1-0

[Event "45th POL-ch"]
[Site "Lublin POL"]
[Date "1988.??.??"]
[Round "9"]
[White "Jasnikowski, Zbigniew"]
[Black "Hawelko, Marek"]
[Result "1/2-1/2"]
[WhiteElo "2445"]
[BlackElo "2385"]
[EventDate "1988.02.27"]
[PlyCount "86"]

1.d4 Nf6 2.c4 e6 3.Nf3 b6 4.g3 Ba6 5.b3 d5 6.cxd5 exd5 7.Bg2 Bd6 8.O-O O-O
9.Nc3 Nbd7 10.Bf4 Bxf4 11.gxf4 Re8 12.Ne5 Nf8 13.b4 Ng6 14.b5 Bb7 15.e3 
Nh4 16.Bh3 Bc8 17.Bxc8 Qxc8 18.Kh1 Qf5 19.f3 Qh3 20.Rg1 Nf5 21.Qd3 Rad8 
22.Rg5 g6 23.Rag1 Kf8 24.Ne2 Rxe5 25.dxe5 Qxf3+ 26.R1g2 Qf1+ 27.Rg1 Qf3+ 
28.R1g2 Ne4 29.Qa3+ Ke8 30.Rxf5 Nf2+ 31.Kg1 Nh3+ 32.Kh1 Nf2+ 33.Kg1 Nh3+ 
34.Kh1 gxf5 35.Qc1 d4 36.exd4 Nf2+ 37.Kg1 Nh3+ 38.Kh1 Nf2+ 39.Kg1 Nh3+ 40.
Kh1 Ke7 41.Qxc7+ Rd7 42.Qc6 Nf2+ 43.Kg1 Nh3+ 1/2-1/2

[Event "45th POL-ch"]
[Site "Lublin POL"]
[Date "1988.??.??"]
[Round "9"]
[White "Kuczynski, Robert"]
[Black "Kujawski, Adam"]
[Result "1-0"]
[WhiteElo "2485"]
[BlackElo "2345"]
[EventDate "1988.02.27"]
[PlyCount "75"]

1.e4 e6 2.d4 d5 3.Nc3 Nf6 4.e5 Nfd7 5.f4 c5 6.Nf3 Nc6 7.Be3 Be7 8.Qd2 O-O 
9.dxc5 Nxc5 10.O-O-O Bd7 11.Kb1 a6 12.Qf2 Qa5 13.Nd4 Na4 14.Nce2 Rfc8 15.
Nb3 Qc7 16.Ned4 f6 17.exf6 Bxf6 18.c3 b5 19.Nxc6 Qxc6 20.Bd4 Bxd4 21.Qxd4 
b4 22.Qxb4 Rab8 23.Qa5 Rb6 24.Rd4 Rcb8 25.Bd3 Qb7 26.Rxa4 Bxa4 27.Qxa4 Qc7
28.Re1 Qd6 29.g3 h6 30.Rd1 Qc7 31.Ka1 Qf7 32.Bb1 Qh5 33.Rd2 Qf3 34.Qd4 Qf1
35.f5 exf5 36.Rf2 Qe1 37.Qxd5+ Kh8 38.Qxf5 
    {T}
1-0

[Event "45th POL-ch"]
[Site "Lublin POL"]
[Date "1988.??.??"]
[Round "9"]
[White "Panczyk, Krzysztof"]
[Black "Stempin, Pawel"]
[Result "1-0"]
[WhiteElo "2435"]
[BlackElo "2450"]
[EventDate "1988.02.27"]
[PlyCount "45"]

1.d4 Nf6 2.c4 e6 3.Nf3 b6 4.g3 Ba6 5.Nbd2 c5 6.Bg2 Nc6 7.e4 cxd4 8.e5 Ng4 
9.O-O Rb8 10.Re1 Qc7 11.Ne4 Ngxe5 12.Nxe5 Nxe5 13.Bf4 f6 14.Qh5+ Kd8 15.
Ng5 g6 16.Qh4 Kc8 17.Nxe6 dxe6 18.Qxf6 Bg7 19.Qxe6+ Qd7 20.Rxe5 Rb7 21.
Rc5+ bxc5 22.Qxa6 Re8 23.Bh3 1-0

[Event "45th POL-ch"]
[Site "Lublin POL"]
[Date "1988.??.??"]
[Round "9"]
[White "Schmidt, Wlodzimierz"]
[Black "Czerwonski, Aleksander"]
[Result "1-0"]
[WhiteElo "2440"]
[BlackElo "2335"]
[EventDate "1988.02.27"]
[PlyCount "75"]

1.Nf3 Nf6 2.c4 g6 3.Nc3 Bg7 4.d4 O-O 5.e4 d6 6.Be2 e5 7.O-O Nc6 8.d5 Ne7 
9.Nd2 a5 10.Rb1 c5 11.a3 Ne8 12.b4 axb4 13.axb4 b6 14.bxc5 bxc5 15.Nb3 Kh8
16.Bd2 f5 17.Ra1 Rxa1 18.Qxa1 Ng8 19.Qa8 Nef6 20.exf5 gxf5 21.Qb8 Qe7 22.
Qb6 Nd7 23.Qc7 e4 24.Na5 Ne5 25.Qxe7 Nxe7 26.Rb1 Bd7 27.Rb7 Ra8 28.Nb5 Nc8
29.f4 exf3 30.gxf3 Bxb5 31.cxb5 Ng6 32.b6 Nge7 33.Bc4 Bf6 34.Kf1 Kg7 35.
Bb5 Kf8 36.Bd7 Ra6 37.Bxc8 Nxc8 38.Rf7+ 1-0

[Event "45th POL-ch"]
[Site "Lublin POL"]
[Date "1988.??.??"]
[Round "9"]
[White "Szopka, Dariusz"]
[Black "Twardon, Marian"]
[Result "1-0"]
[WhiteElo "2295"]
[BlackElo "2350"]
[EventDate "1988.02.27"]
[PlyCount "37"]

1.e4 e5 2.Nf3 Nc6 3.d4 exd4 4.Nxd4 Bc5 5.Be3 Qf6 6.c3 Nge7 7.Qd2 a6 8.f4 
Bxd4 9.cxd4 d5 10.Nc3 dxe4 11.d5 Nb8 12.O-O-O Bf5 13.g4 Bxg4 14.Nxe4 Qg6 
15.Bd3 Bxd1 16.Rxd1 f5 17.Nc5 Nd7 18.Ne6 Nxd5 19.Bxf5 1-0

[Event "45th POL-ch"]
[Site "Lublin POL"]
[Date "1988.??.??"]
[Round "9"]
[White "Tomaszewski, Roman"]
[Black "Matlak, Marek"]
[Result "0-1"]
[WhiteElo "2370"]
[BlackElo "2410"]
[EventDate "1988.02.27"]
[PlyCount "179"]

1.e4 e6 2.d4 d5 3.e5 c5 4.c3 Qb6 5.Nf3 Nc6 6.a3 Bd7 7.b4 cxd4 8.cxd4 Rc8 
9.Bb2 Na5 10.Nbd2 Nc4 11.Nxc4 dxc4 12.Rc1 a5 13.Nd2 axb4 14.Nxc4 Qd8 15.
axb4 Bxb4+ 16.Bc3 Bxc3+ 17.Rxc3 Kf8 18.Ra3 Bc6 19.Qa1 Ne7 20.Nd6 Rb8 21.
Qb2 g6 22.h4 h5 23.f3 Ra8 24.Bd3 Rxa3 25.Qxa3 Kg7 26.Kf2 Qb6 27.Qa1 Qb4 
28.Rd1 Nc8 29.Nc4 Rd8 30.g3 Qe7 31.Be2 Qd7 32.Rd2 Bd5 33.Ne3 Ne7 34.Qb2 
Bc6 35.Bc4 Bd5 36.Bb5 Qc7 37.Be2 Qa5 38.Rc2 Nc6 39.Rd2 Qa7 40.Nc2 Nxe5 41.
Rd1 Nc6 42.Ra1 Qb8 43.Qb6 Ne7 44.Ne3 Bc6 45.Qc5 Qd6 46.Qe5+ Qxe5 47.dxe5 
Rd4 48.Rb1 Nd5 49.Nxd5 Rxd5 50.f4 Ra5 51.Rb3 Bd5 52.Rb1 Ra2 53.Ke3 Ra3+ 
54.Kf2 Kf8 55.Rd1 Ke7 56.f5 gxf5 57.Bxh5 f6 58.exf6+ Kxf6 59.Be2 Rc3 60.
Rd4 Rb3 61.h5 Kg5 62.Rh4 Kh6 63.g4 fxg4 64.Rxg4 Kxh5 65.Rg8+ Kh6 66.Bg4 
Kh7 67.Rg5 Rc3 68.Be2 Rc7 69.Bd3+ Kh8 70.Ke3 Rg7 71.Rh5+ Kg8 72.Be4 Bxe4 
73.Kxe4 Kf7 74.Rb5 Ke8 75.Rb6 Re7 76.Ke5 Kd8 77.Rb1 Kc7 78.Rc1+ Kd7 79.Rb1
Kc6 80.Rc1+ Kb5 81.Rb1+ Kc6 82.Rc1+ Kd7 83.Rd1+ Kc8 84.Rb1 Re8 85.Rc1+ Kb8
86.Rb1 Rh8 87.Kxe6 Rh5 88.Kd6 Ka7 89.Ra1+ Kb6 90.Kd7 0-1

[Event "45th POL-ch"]
[Site "Lublin POL"]
[Date "1988.??.??"]
[Round "10"]
[White "Bany, Jerzy"]
[Black "Schmidt, Wlodzimierz"]
[Result "1/2-1/2"]
[WhiteElo "2450"]
[BlackElo "2440"]
[EventDate "1988.02.27"]
[PlyCount "84"]

1.Nf3 Nf6 2.c4 g6 3.g3 Bg7 4.Bg2 O-O 5.O-O c5 6.d4 cxd4 7.Nxd4 d5 8.cxd5 
Nxd5 9.Nc3 Nxc3 10.bxc3 Nc6 11.Rb1 Nxd4 12.cxd4 Qxd4 13.Be3 Qxd1 14.Rfxd1 
Rb8 15.Bxa7 Ra8 16.Bc5 Rxa2 17.Bxe7 Re8 18.Bf3 h5 19.e3 Rc2 20.Bd6 Rd8 21.
Be4 Ra2 22.Bd5 Rc2 23.Bf4 Bf6 24.e4 h4 25.Rdc1 Rxc1+ 26.Rxc1 h3 27.Bc7 Re8
28.Rb1 Bd4 29.Kf1 Kg7 30.f3 f5 31.Ke2 fxe4 32.fxe4 Re7 33.Bd6 Rd7 34.Bf4 
b5 35.Kf3 Ra7 36.Rxb5 Ra3+ 37.Rb3 Rxb3+ 38.Bxb3 Kf6 39.g4 g5 40.Bc7 Be5 
41.Bxe5+ Kxe5 42.Bd5 Ba6 1/2-1/2

[Event "45th POL-ch"]
[Site "Lublin POL"]
[Date "1988.??.??"]
[Round "10"]
[White "Czerwonski, Aleksander"]
[Black "Kuczynski, Robert"]
[Result "1/2-1/2"]
[WhiteElo "2335"]
[BlackElo "2485"]
[EventDate "1988.02.27"]
[PlyCount "37"]

1.c4 f5 2.Nf3 Nf6 3.g3 g6 4.Bg2 Bg7 5.Nc3 O-O 6.O-O d6 7.d3 Nc6 8.Rb1 a5 
9.a3 e5 10.b4 axb4 11.axb4 Kh8 12.Nd2 Ne7 13.Bb2 Bd7 14.Ra1 Bc6 15.Nf3 Qd7
16.b5 Bxf3 17.Bxf3 c6 18.Qb3 Rfb8 19.Na4 1/2-1/2

[Event "45th POL-ch"]
[Site "Lublin POL"]
[Date "1988.??.??"]
[Round "10"]
[White "Hawelko, Marek"]
[Black "Szopka, Dariusz"]
[Result "1-0"]
[WhiteElo "2385"]
[BlackElo "2295"]
[EventDate "1988.02.27"]
[PlyCount "45"]

1.e4 g6 2.d4 Bg7 3.Nf3 d6 4.Be2 Nf6 5.Nc3 O-O 6.O-O c6 7.Re1 b5 8.e5 dxe5 
9.Nxe5 b4 10.Na4 Be6 11.Nc5 Bf5 12.Bf3 Nd5 13.a3 bxa3 14.Rxa3 Nb4 15.Rc3 
a5 16.Rc4 Ra7 17.c3 Nd5 18.Ra4 Qd6 19.Qb3 Nd7 20.Nxc6 Nxc5 21.dxc5 Qxc6 
22.Bxd5 Qc8 23.c6 
    {T}
1-0

[Event "45th POL-ch"]
[Site "Lublin POL"]
[Date "1988.??.??"]
[Round "10"]
[White "Kujawski, Adam"]
[Black "Panczyk, Krzysztof"]
[Result "1/2-1/2"]
[WhiteElo "2345"]
[BlackElo "2435"]
[EventDate "1988.02.27"]
[PlyCount "35"]

1.e4 e5 2.Nf3 Nc6 3.Bc4 Nf6 4.d4 exd4 5.O-O Nxe4 6.Re1 d5 7.Bxd5 Qxd5 8.
Nc3 Qa5 9.Nxe4 Be6 10.Bd2 Bb4 11.Nxd4 Nxd4 12.c3 Be7 13.cxd4 Qd5 14.Bf4 c6
15.Nc3 Qd7 16.Qa4 b5 17.Qc2 O-O 18.Rad1 1/2-1/2

[Event "45th POL-ch"]
[Site "Lublin POL"]
[Date "1988.??.??"]
[Round "10"]
[White "Matlak, Marek"]
[Black "Borkowski, Franciszek"]
[Result "0-1"]
[WhiteElo "2410"]
[BlackElo "2415"]
[EventDate "1988.02.27"]
[PlyCount "38"]

1.d4 Nf6 2.Nf3 c5 3.c3 cxd4 4.cxd4 d5 5.Nc3 Nc6 6.Bf4 Bf5 7.Rc1 e6 8.e3 
Ne4 9.Qb3 Bb4 10.a3 Bxc3+ 11.bxc3 Qb6 12.Qxb6 axb6 13.c4 Rxa3 14.cxd5 exd5
15.Bb5 Nc3 16.Be2 Kd7 17.Ne5+ Nxe5 18.Bxe5 f6 19.Bg3 b5 0-1

[Event "45th POL-ch"]
[Site "Lublin POL"]
[Date "1988.??.??"]
[Round "10"]
[White "Stempin, Pawel"]
[Black "Jasnikowski, Zbigniew"]
[Result "1-0"]
[WhiteElo "2450"]
[BlackElo "2445"]
[EventDate "1988.02.27"]
[PlyCount "81"]

1.d4 Nf6 2.Nf3 g6 3.c4 Bg7 4.g3 O-O 5.Bg2 c6 6.Nc3 d5 7.Qb3 e6 8.O-O b6 9.
Rd1 Nbd7 10.Bg5 h6 11.Bf4 Bb7 12.Rac1 Re8 13.Ne5 Nh5 14.cxd5 exd5 15.e4 
Nxf4 16.gxf4 Nf6 17.exd5 cxd5 18.Ne2 Re7 19.Rc3 Rc8 20.Re3 Ne4 21.Nxg6 
Rec7 22.Ne5 Qh4 23.Ng3 Rc1 24.Bxe4 Rxd1+ 25.Qxd1 dxe4 26.Nf5 Qf6 27.Qh5 
Rc1+ 28.Kg2 Bc8 29.Nxg7 Kxg7 30.Nxf7 Ba6 31.Ne5 Bf1+ 32.Kg3 Bb5 33.Kg2 
Bf1+ 34.Kg3 Bb5 35.f5 Rg1+ 36.Kf4 Rg5 37.Qh3 Bd3 38.f3 exf3 39.Rxd3 f2 40.
Rf3 Qd6 41.Ke4 1-0

[Event "45th POL-ch"]
[Site "Lublin POL"]
[Date "1988.??.??"]
[Round "10"]
[White "Sznapik, Aleksander"]
[Black "Staniszewski, Piotr"]
[Result "1-0"]
[WhiteElo "2480"]
[BlackElo "2440"]
[EventDate "1988.02.27"]
[PlyCount "69"]

1.e4 c5 2.Nf3 d6 3.d4 cxd4 4.Nxd4 Nf6 5.Nc3 Nc6 6.Be2 e5 7.Nf3 h6 8.O-O 
Be7 9.Re1 O-O 10.h3 Nb8 11.Bc4 Be6 12.Nd5 Nbd7 13.Nxf6+ Nxf6 14.Bb3 Rc8 
15.c3 Qd7 16.Qe2 Rfe8 17.Bd2 Bf8 18.Rad1 Qc6 19.Bc1 b5 20.Nh4 g6 21.Qf3 
Bxb3 22.axb3 Re6 23.b4 Bg7 24.g4 Qb7 25.Qg2 d5 26.exd5 Rd6 27.Bxh6 Bxh6 
28.g5 Nxd5 29.gxh6 Qd7 30.Qg4 f5 31.Qg3 Nf4 32.Rxd6 Qxd6 33.Nxf5 Qe6 34.
Qxf4 gxf5 35.Qg5+ 1-0

[Event "45th POL-ch"]
[Site "Lublin POL"]
[Date "1988.??.??"]
[Round "10"]
[White "Twardon, Marian"]
[Black "Tomaszewski, Roman"]
[Result "0-1"]
[WhiteElo "2350"]
[BlackElo "2370"]
[EventDate "1988.02.27"]
[PlyCount "79"]

1.d4 Nf6 2.c4 c5 3.d5 e5 4.Nc3 d6 5.e4 Be7 6.Bd3 O-O 7.Nge2 Na6 8.h3 Ne8 
9.O-O Bg5 10.a3 Bd7 11.Rb1 b6 12.Bc2 Bxc1 13.Qxc1 g6 14.Qe3 Ng7 15.Rbe1 
Qe7 16.f4 exf4 17.Nxf4 f6 18.Nd3 Nc7 19.b4 Rab8 20.Qf4 Na6 21.Rb1 Rbc8 22.
Bb3 Kh8 23.Ba2 Rce8 24.Rfe1 Rd8 25.Rb2 Rc8 26.Rf2 g5 27.Qf3 Be8 28.g4 Nb8 
29.e5 dxe5 30.Rxe5 Qd8 31.Re1 Bg6 32.bxc5 bxc5 33.Ne4 Nd7 34.Nd6 Rb8 35.
Nf5 Nxf5 36.gxf5 Bf7 37.Rfe2 Qa5 38.Qg3 Qxa3 39.Re7 Rbd8 40.Qe3 
    {T}
0-1

[Event "45th POL-ch"]
[Site "Lublin POL"]
[Date "1988.??.??"]
[Round "11"]
[White "Jasnikowski, Zbigniew"]
[Black "Kujawski, Adam"]
[Result "1/2-1/2"]
[WhiteElo "2445"]
[BlackElo "2345"]
[EventDate "1988.02.27"]
[PlyCount "132"]

1.d4 Nf6 2.Nf3 e6 3.c4 c5 4.d5 exd5 5.cxd5 d6 6.Nc3 g6 7.Bf4 a6 8.e4 Bg7 
9.a4 Bg4 10.Be2 O-O 11.O-O Qe7 12.Nd2 Bxe2 13.Qxe2 Nh5 14.Be3 Nd7 15.a5 
Rae8 16.Rfe1 f5 17.exf5 Qf7 18.Nc4 Be5 19.Ne4 Bxh2+ 20.Kxh2 Rxe4 21.Nxd6 
Rh4+ 22.Kg1 Qe7 23.Nxb7 Qe5 24.g3 Re4 25.Qxa6 Qxf5 26.Nd6 Qf6 27.Qd3 Rg4 
28.Ne4 Qf3 29.Qd1 Qxd1 30.Rexd1 Rxe4 31.Rdc1 Rb4 32.Rxc5 Nxc5 33.Bxc5 Rxb2
34.Bxf8 Kxf8 35.a6 Rb8 36.Rc1 Ra8 37.Rc7 Rxa6 38.Rxh7 Nf6 39.Rb7 Nxd5 40.
Rb2 Kf7 41.Kg2 Kf6 42.Rd2 Ne7 43.Rb2 Rc6 44.Ra2 Nc8 45.Rd2 Nb6 46.Re2 Nc4 
47.Ra2 Nd6 48.Re2 Nf7 49.Ra2 Ne5 50.Rb2 Rc3 51.Ra2 Kf5 52.Rb2 Rd3 53.Ra2 
Nf3 54.Ra5+ Kg4 55.Ra4+ Nd4 56.Rc4 Rd2 57.Ra4 Kf5 58.Ra5+ Ke6 59.Ra6+ Kf5 
60.Ra5+ Kf6 61.Ra6+ Kg5 62.Ra5+ Kg4 63.Ra4 g5 64.Ra5 Kh5 65.Rd5 Kg6 66.Kh3
Nf3 1/2-1/2

[Event "45th POL-ch"]
[Site "Lublin POL"]
[Date "1988.??.??"]
[Round "11"]
[White "Kuczynski, Robert"]
[Black "Bany, Jerzy"]
[Result "1/2-1/2"]
[WhiteElo "2485"]
[BlackElo "2450"]
[EventDate "1988.02.27"]
[PlyCount "33"]

1.e4 e6 2.d4 d5 3.Nc3 Bb4 4.e5 c5 5.a3 Bxc3+ 6.bxc3 Ne7 7.h4 Qa5 8.Bd2 
cxd4 9.cxd4 Qa4 10.Bc3 b6 11.h5 h6 12.g4 Ba6 13.Ne2 Nbc6 14.Rh3 Rf8 15.Rf3
Rc8 16.Bb4 Bc4 17.c3 1/2-1/2

[Event "45th POL-ch"]
[Site "Lublin POL"]
[Date "1988.??.??"]
[Round "11"]
[White "Panczyk, Krzysztof"]
[Black "Czerwonski, Aleksander"]
[Result "1/2-1/2"]
[WhiteElo "2435"]
[BlackElo "2335"]
[EventDate "1988.02.27"]
[PlyCount "93"]

1.d4 d5 2.c4 e6 3.Nc3 c6 4.Nf3 Nf6 5.Bg5 h6 6.Bxf6 Qxf6 7.e3 Nd7 8.a3 Qd8 
9.e4 dxe4 10.Nxe4 Be7 11.c5 O-O 12.Bc4 Qc7 13.O-O Nf6 14.Nxf6+ Bxf6 15.Qe2
b6 16.b4 Rd8 17.Qe4 a5 18.Rab1 axb4 19.axb4 bxc5 20.bxc5 Ba6 21.Bxa6 Rxa6 
22.Rb4 Rb8 23.Rxb8+ Qxb8 24.g3 Qa7 25.Kg2 Qd7 26.Rb1 Ra8 27.Rb6 Rc8 28.h4 
h5 29.Ne5 Bxe5 30.Qxe5 Qd5+ 31.Qxd5 cxd5 32.Rb7 g6 33.Kf3 Kg7 34.Kf4 Kf6 
35.f3 e5+ 36.dxe5+ Ke6 37.Rb6+ Ke7 38.c6 Ke6 39.c7+ Kd7 40.Rd6+ Ke7 41.Rc6
Kd7 42.Rc2 Rxc7 43.Rxc7+ Kxc7 44.Ke3 Kd7 45.g4 Ke6 46.gxh5 gxh5 47.Kd4 
1/2-1/2

[Event "45th POL-ch"]
[Site "Lublin POL"]
[Date "1988.??.??"]
[Round "11"]
[White "Schmidt, Wlodzimierz"]
[Black "Sznapik, Aleksander"]
[Result "1/2-1/2"]
[WhiteElo "2440"]
[BlackElo "2480"]
[EventDate "1988.02.27"]
[PlyCount "43"]

1.Nf3 Nf6 2.c4 g6 3.g3 Bg7 4.Bg2 O-O 5.O-O d6 6.Nc3 e5 7.d4 Nbd7 8.Qc2 c6 
9.Rd1 Qe7 10.b3 Re8 11.e4 exd4 12.Nxd4 Nc5 13.f3 a5 14.Be3 Nfd7 15.Bf2 Ne5
16.h3 a4 17.Rab1 axb3 18.axb3 Na6 19.Na2 Nc5 20.Nc3 Na6 21.Na2 Nc5 22.Nc3 
1/2-1/2

[Event "45th POL-ch"]
[Site "Lublin POL"]
[Date "1988.??.??"]
[Round "11"]
[White "Szopka, Dariusz"]
[Black "Stempin, Pawel"]
[Result "0-1"]
[WhiteElo "2295"]
[BlackElo "2450"]
[EventDate "1988.02.27"]
[PlyCount "104"]

1.e4 c5 2.Nf3 d6 3.Nc3 a6 4.Bc4 e6 5.a3 Nf6 6.Ba2 Be7 7.O-O O-O 8.Re1 Nc6 
9.d3 Qc7 10.h3 h6 11.Ne2 e5 12.Nh4 Be6 13.Ng6 Rfe8 14.Bxe6 fxe6 15.f4 Kh7 
16.Nxe7 Rxe7 17.Rf1 Rf8 18.Ng3 exf4 19.Bxf4 Ref7 20.Qd2 Ne7 21.Rf2 Ng6 22.
Raf1 b5 23.c3 Qc6 24.Be3 Qc7 25.d4 cxd4 26.cxd4 d5 27.e5 Ne4 28.Nxe4 dxe4 
29.Rxf7 Rxf7 30.Rxf7 Qxf7 31.Qf2 Qxf2+ 32.Kxf2 Ne7 33.g4 Nd5 34.Bd2 Kg6 
35.Kg3 h5 36.Ba5 hxg4 37.hxg4 Kf7 38.Kf2 Ke8 39.Kg3 Kd7 40.Kh4 Ke8 41.Bd2 
e3 42.Ba5 Nf4 43.Kg3 Nd3 44.Kf3 Nxb2 45.Bb4 Nc4 46.Ke4 a5 47.Be1 Kd7 48.d5
exd5+ 49.Kxd5 Nxa3 50.Bxa5 Nc2 51.e6+ Ke7 52.Bb6 e2 0-1

[Event "45th POL-ch"]
[Site "Lublin POL"]
[Date "1988.??.??"]
[Round "11"]
[White "Tomaszewski, Roman"]
[Black "Hawelko, Marek"]
[Result "0-1"]
[WhiteElo "2370"]
[BlackElo "2385"]
[EventDate "1988.02.27"]
[PlyCount "79"]

1.d4 Nf6 2.Nf3 g6 3.c4 Bg7 4.g3 O-O 5.Bg2 d6 6.O-O Nbd7 7.Nc3 e5 8.e4 a6 
9.b3 Rb8 10.h3 b5 11.cxb5 axb5 12.dxe5 dxe5 13.Qc2 Bb7 14.Nd2 c6 15.a4 Qb6
16.Nf3 b4 17.Be3 c5 18.Nd5 Nxd5 19.exd5 Bxd5 20.Rfd1 Qb7 21.Rxd5 Qxd5 22.
Rd1 Qe6 23.Ng5 Qe7 24.Ne4 Rfd8 25.Qc4 h6 26.a5 Kh7 27.Rxd7 Qxd7 28.Nxc5 
Qc7 29.a6 f5 30.Bd5 f4 31.gxf4 exf4 32.Bxf4 Be5 33.Be3 Bd6 34.Nb7 Qxc4 35.
bxc4 b3 36.a7 b2 37.Nxd8 b1=Q+ 38.Kg2 Rxd8 39.a8=Q Rxa8 40.Bxa8 
    {T}
0-1

[Event "45th POL-ch"]
[Site "Lublin POL"]
[Date "1988.??.??"]
[Round "12"]
[White "Bany, Jerzy"]
[Black "Panczyk, Krzysztof"]
[Result "1/2-1/2"]
[WhiteElo "2450"]
[BlackElo "2435"]
[EventDate "1988.02.27"]
[PlyCount "78"]

1.Nf3 d5 2.d4 Nf6 3.c4 dxc4 4.e3 e6 5.Bxc4 c5 6.Qe2 Nc6 7.dxc5 Bxc5 8.a3 
Bd6 9.O-O O-O 10.Rd1 Qc7 11.Nc3 a6 12.Bd3 Ne5 13.Nxe5 Bxe5 14.h3 Bd7 15.
Bd2 Bc6 16.Rac1 Qe7 17.Nb1 Rfd8 18.Bc3 Bxc3 19.Nxc3 Rd6 20.Bc2 Rad8 21.
Rxd6 Rxd6 22.Rd1 Qd7 23.Rxd6 Qxd6 24.Qd1 Qxd1+ 25.Bxd1 Kf8 26.Ba4 Bxa4 27.
Nxa4 Nd7 28.Kf1 Ke7 29.Ke2 Kd6 30.Nc3 Ne5 31.Kd2 h6 32.Ne2 Nd7 33.Kc3 Nc5 
34.f3 Na4+ 35.Kc2 Nb6 36.Kd3 Na4 37.Kc2 Nb6 38.Kd3 Na4 39.Kc2 Nb6 1/2-1/2

[Event "45th POL-ch"]
[Site "Lublin POL"]
[Date "1988.??.??"]
[Round "12"]
[White "Czerwonski, Aleksander"]
[Black "Jasnikowski, Zbigniew"]
[Result "1/2-1/2"]
[WhiteElo "2335"]
[BlackElo "2445"]
[EventDate "1988.02.27"]
[PlyCount "32"]

1.c4 e6 2.d4 d5 3.Nf3 Nf6 4.Nc3 Be7 5.cxd5 exd5 6.Bg5 c6 7.Qc2 O-O 8.e3 
Nbd7 9.Bd3 Re8 10.O-O Nf8 11.Rae1 Ne4 12.Bf4 Nd6 13.Nd2 g6 14.h3 Bf6 15.b4
a6 16.Na4 Bf5 1/2-1/2

[Event "45th POL-ch"]
[Site "Lublin POL"]
[Date "1988.??.??"]
[Round "12"]
[White "Hawelko, Marek"]
[Black "Borkowski, Franciszek"]
[Result "1-0"]
[WhiteElo "2385"]
[BlackElo "2415"]
[EventDate "1988.02.27"]
[PlyCount "99"]

1.e4 c5 2.Nf3 e6 3.d4 cxd4 4.Nxd4 Nf6 5.Nc3 d6 6.Be2 a6 7.O-O b5 8.Bf3 Ra7
9.a4 b4 10.Na2 Rc7 11.Re1 Bb7 12.Bg5 Nbd7 13.Nxb4 Qa8 14.Qe2 Be7 15.Nd3 h6
16.Bd2 Ne5 17.Nxe5 dxe5 18.Ba5 Rc8 19.Nb3 g5 20.g3 h5 21.Bc3 g4 22.Bg2 
Rxc3 23.bxc3 h4 24.Rab1 hxg3 25.hxg3 Kf8 26.Na5 Bc8 27.Nc4 Kg7 28.Nxe5 a5 
29.Nxg4 e5 30.Nxe5 Be6 31.Qe3 Rh5 32.Rb5 Qh8 33.Nf3 Ng4 34.Qd4+ Bf6 35.e5 
Be7 36.Rb7 Qf8 37.Qe4 Bc5 38.Nd4 Bxd4 39.cxd4 Qh8 40.Qf3 Rg5 41.d5 Qh2+ 
42.Kf1 Qh5 43.Qf4 Rf5 44.dxe6 Rxf4 45.gxf4 Qg6 46.Rxf7+ Kh6 47.Rf6 Nxf6 
48.exf6 Qe8 49.e7 Kg6 50.Bc6 1-0

[Event "45th POL-ch"]
[Site "Lublin POL"]
[Date "1988.??.??"]
[Round "12"]
[White "Kujawski, Adam"]
[Black "Szopka, Dariusz"]
[Result "1/2-1/2"]
[WhiteElo "2345"]
[BlackElo "2295"]
[EventDate "1988.02.27"]
[PlyCount "22"]

1.e4 g6 2.d4 Bg7 3.Nc3 d6 4.Nf3 Nf6 5.Bc4 O-O 6.Bb3 Nc6 7.h3 Na5 8.O-O 
Nxb3 9.axb3 c6 10.Be3 Nd7 11.Qe2 Qc7 1/2-1/2

[Event "45th POL-ch"]
[Site "Lublin POL"]
[Date "1988.??.??"]
[Round "12"]
[White "Schmidt, Wlodzimierz"]
[Black "Kuczynski, Robert"]
[Result "1-0"]
[WhiteElo "2440"]
[BlackElo "2485"]
[EventDate "1988.02.27"]
[PlyCount "89"]

1.Nf3 Nf6 2.c4 d6 3.d4 Nbd7 4.Nc3 e5 5.e4 c6 6.Be2 a6 7.O-O Be7 8.Re1 O-O 
9.Bf1 b5 10.a3 Bb7 11.h3 Qb8 12.Be3 exd4 13.Nxd4 g6 14.Bg5 Re8 15.Qd2 Bf8 
16.Nc2 Re6 17.Rad1 Qc7 18.b4 Rc8 19.Rc1 Qb8 20.Nd4 Ree8 21.Nb3 Re6 22.f3 
Bg7 23.Be3 Ree8 24.Na5 Ba8 25.a4 bxa4 26.Nxa4 c5 27.b5 Nb6 28.Nxb6 Qxb6 
29.Rb1 Nd7 30.Bf2 Be5 31.Bd3 Qa7 32.Rb3 Nb6 33.Kh1 axb5 34.cxb5 Rb8 35.
Reb1 Qc7 36.Nc4 Nxc4 37.Bxc4 Rb6 38.Qa2 Qe7 39.Ra3 Rbb8 40.Ra7 Bb7 41.b6 
Qf6 42.Be3 Kg7 43.Qd2 Qh4 44.Bxf7 Qg3 45.Bg1 1-0

[Event "45th POL-ch"]
[Site "Lublin POL"]
[Date "1988.??.??"]
[Round "12"]
[White "Stempin, Pawel"]
[Black "Tomaszewski, Roman"]
[Result "1-0"]
[WhiteElo "2450"]
[BlackElo "2370"]
[EventDate "1988.02.27"]
[PlyCount "127"]

1.d4 Nf6 2.Nf3 c5 3.d5 e6 4.c4 exd5 5.cxd5 Bd6 6.Nc3 Bc7 7.Bg5 h6 8.Bh4 d6
9.e3 a6 10.a4 O-O 11.Be2 Nbd7 12.O-O Re8 13.Nd2 Ne5 14.Nde4 Ng6 15.Nxf6+ 
gxf6 16.Bg3 f5 17.Qc2 Ba5 18.Bd3 Qf6 19.Ne2 Bd7 20.Bf4 Ne5 21.Bxe5 Qxe5 
22.Ng3 f4 23.exf4 Qxf4 24.Ra3 Re5 25.Rd1 Kh8 26.Bf1 Bg4 27.f3 Bd7 28.Ne2 
Bf5 29.Nxf4 Bxc2 30.Rc1 Bf5 31.Rd1 Rae8 32.Bd3 Re1+ 33.Rxe1 Rxe1+ 34.Kf2 
Bd7 35.Rb3 Bc8 36.g4 Rc1 37.Bxa6 c4 38.Rb5 bxa6 39.Rb8 Kg7 40.Nh5+ Kf8 41.
Rxc8+ Ke7 42.Rc6 Rc2+ 43.Ke3 Bb4 44.Ng3 Bc5+ 45.Kf4 Rxb2 46.Ne4 Bg1 47.
Rc7+ Kd8 48.Rxc4 Bxh2+ 49.Kf5 Rb3 50.f4 Rd3 51.Nf6 a5 52.Rc2 Bg1 53.Re2 
Ra3 54.Re8+ Kc7 55.Re7+ Kb6 56.Rxf7 Rxa4 57.g5 hxg5 58.fxg5 Ra1 59.g6 Bd4 
60.g7 Rg1 61.g8=Q Rxg8 62.Nxg8 a4 63.Ke4 Bh8 64.Ne7 1-0

[Event "45th POL-ch"]
[Site "Lublin POL"]
[Date "1988.??.??"]
[Round "12"]
[White "Sznapik, Aleksander"]
[Black "Matlak, Marek"]
[Result "1-0"]
[WhiteElo "2480"]
[BlackElo "2410"]
[EventDate "1988.02.27"]
[PlyCount "67"]

1.e4 e6 2.d4 d5 3.Nc3 Bb4 4.e5 c5 5.a3 Bxc3+ 6.bxc3 Ne7 7.Qg4 Qc7 8.Qxg7 
Rg8 9.Qxh7 cxd4 10.Ne2 Nbc6 11.f4 Bd7 12.Qd3 dxc3 13.Qxc3 O-O-O 14.Rb1 Nf5
15.Rg1 d4 16.Qd3 Kb8 17.g4 Nh4 18.Bd2 Bc8 19.Rg3 Ka8 20.a4 Qe7 21.a5 f6 
22.exf6 Qxf6 23.g5 Qf7 24.a6 e5 25.Bh3 bxa6 26.Qe4 Bb7 27.f5 Nb4 28.Qxh4 
Nxc2+ 29.Kf1 e4 30.g6 Qd5 31.Bg2 Ne3+ 32.Bxe3 dxe3 33.Kg1 Qxf5 34.Qf4 1-0

[Event "45th POL-ch"]
[Site "Lublin POL"]
[Date "1988.??.??"]
[Round "13"]
[White "Borkowski, Franciszek"]
[Black "Stempin, Pawel"]
[Result "1/2-1/2"]
[WhiteElo "2415"]
[BlackElo "2450"]
[EventDate "1988.02.27"]
[PlyCount "95"]

1.e4 c5 2.Nf3 d6 3.d4 cxd4 4.Nxd4 Nf6 5.Nc3 e6 6.f4 Be7 7.Be2 O-O 8.Be3 
Nc6 9.Bf3 Qc7 10.Qe2 Nxd4 11.Bxd4 e5 12.Be3 exf4 13.Bxf4 Be6 14.O-O-O Nd7 
15.Nb5 Qa5 16.a3 Ne5 17.Nxd6 Bxd6 18.Rxd6 Nc4 19.Rd3 b5 20.Rb3 Rac8 21.Kb1
Rfe8 22.Qe1 Qb6 23.Qg3 Kh8 24.Be2 Qc5 25.Rc1 f6 26.Bxc4 Bxc4 27.Re3 Be6 
28.e5 f5 29.Qh4 a5 30.Rg3 Rc7 31.Qh5 Qf8 32.Rh3 Qg8 33.Bd2 a4 34.Re1 Rec8 
35.Bc3 Rc4 36.Rd1 Rg4 37.Rg3 Rxg3 38.hxg3 Qe8 39.Qg5 h6 40.Qh4 Kh7 41.Qf4 
Rc4 42.Qf3 Qc8 43.Qd3 Qb7 44.Qf3 Qc8 45.Rd6 Re4 46.Qd3 Bc4 47.Qd1 Be6 48.
Qd3 1/2-1/2

[Event "45th POL-ch"]
[Site "Lublin POL"]
[Date "1988.??.??"]
[Round "13"]
[White "Jasnikowski, Zbigniew"]
[Black "Bany, Jerzy"]
[Result "1/2-1/2"]
[WhiteElo "2445"]
[BlackElo "2450"]
[EventDate "1988.02.27"]
[PlyCount "47"]

1.d4 Nf6 2.c4 e6 3.Nf3 d5 4.Nc3 Be7 5.Bg5 h6 6.Bxf6 Bxf6 7.e3 O-O 8.Rc1 c6
9.Bd3 Nd7 10.O-O dxc4 11.Bxc4 e5 12.h3 exd4 13.exd4 Nb6 14.Bb3 Re8 15.Re1 
Bf5 16.Rxe8+ Qxe8 17.Qd2 Qd7 18.Re1 a5 19.Qf4 g5 20.Ne4 gxf4 21.Nxf6+ Kf8 
22.Nxd7+ Nxd7 23.Ne5 Nxe5 24.Rxe5 1/2-1/2